000 00312nam a22000977a 4500
008 150728b xxu||||| |||| 00| 0 eng d
010 _8HCCRSARF:038
245 _aHIGH COURT CRIMINAL SESSION NO.32 OF 1978 Uganda Vs Christopher Bamuhiga
260 _aHigh Court Kampala
500 _3BEFORE: Hon. Mr. Justice M.A.A. Khan
999 _c8262
_d8262